000 00888nam a2200193 i 4500
001 61000
003 ES-MaACL
005 20230906164340.0
007 t|
008 031110s1969 sp ||||1| spa d
245 0 0 _aEstudios de literatura latina.
260 _aMadrid :
_bTaurus,
_c[1969]
300 _a206 p. ;
_c24 cm.
490 1 _aCuadernos de la Fundación Pastor
505 8 _aContiene: La épica latina tradiciona / por Juan Gil. Plautus, sui imítator? / por José Antonio Correo. Hispania como tema político en la obra de Julio César / por Sebastián Mariner. Valoración ideológica y estética de las "Metamorfosis de Oviedo" / por Antonio Ruíz de Elvia. De la moral a la política : las "cartas a Lucilio" de Séneca / por Rosa María Francia
830 0 _aCuadernos de la Fundación Pastor
_9182742
852 _aES-MaACL
_jC-36568
_bR.69895
999 _c61000
_d61000